000 00567cab a2200217 4500
001 X1266
008 090401t1994 xxu||||| |||| 00| 0 eng d
035 _a(Sirsi) u15895
041 _aeng
100 _aBrown, E.
245 _aFormal or informal?: plain English for property people
260 _c1994
350 _a0
490 _aEstates Gazette
_v(9304) 29 January 1994, 62(1)
650 _aCOMMUNICATION
650 _aLANGUAGE
650 _aSTYLE
690 _aMANAGEMENT-BUSINESS MANAGEMENT-PROFESSIONAL PRACTICE
942 _n0
948 _c04/03/1997
999 _c10463
_d10463